Normal view
MARC view
- Machine parts
Entry Topical Term
001 - CONTROL NUMBER
- control field: 81230
003 - CONTROL NUMBER IDENTIFIER
- control field: NUST
005 - DATE AND TIME OF LATEST TRANSACTION
- control field: 20210804152552.0
008 - FIXED-LENGTH DATA ELEMENTS
- fixed length control field: 210804|| aca||aabn | a|a d
040 ## - CATALOGING SOURCE
- Original cataloging agency: NUST
- Transcribing agency: NUST
150 ## - HEADING--TOPICAL TERM
- Topical term or geographic name entry element: Machine parts
- General subdivision: Design and construction
670 ## - SOURCE DATA FOUND
- Source citation: Work cat.: (NUST)0: Ugural, A. C., author. 40789, Mechanical engineering design /
